| 000 | 00838nam a22002057a 4500 | ||
|---|---|---|---|
| 999 |
_c2285 _d2285 |
||
| 003 | AR-CdUCM | ||
| 008 | 190304b ||||| |||| 00| 0 spa d | ||
| 040 |
_aMUNICIPALIDAD PROVINCIAL DEL CUSCO _cBIBLIOTECA MUNICIPAL DEL CUSCO |
||
| 082 |
_a327.873 / _bS37 |
||
| 100 |
_aSelser, Gregorio _97634 |
||
| 245 |
_aLos cuatro viajes de Cristóbal Rockefeller : _bCon su informe al presidente Nixon / |
||
| 260 |
_aBuenos Aires : _bHernandez, _c1971. |
||
| 300 |
_a446 paginas ; _c20 cm. |
||
| 505 | _aLos preparativos -- reunión de la CECLA en Santiago de Chile -- Primer viaje (México-Guatemala) -- segundo viaje: Perú no desea la visita -- Tercer viaje: Chile no desea la visita ... | ||
| 650 |
_aRelaciones exteriores _94428 |
||
| 650 |
_aAmérica Latina _91130 |
||
| 650 |
_aEstados Unidos _91805 |
||
| 942 |
_2ddc _cLIBROS |
||
| 945 | _aacv | ||